000 00441cam a22001934a 4500
005 20250605164333.0
008 250528s ||||||||||||||||||||||||d
035 _a23325
020 _a9781843982180
040 _aGR-AtMCL
_bgre
_dGR-AtMCL
_eAACR2
245 1 _aThe business skills handbook
250 _a1st
260 _bCipd,
_c2012
300 _a508
700 1 _aHorn Roy
_94175
942 _cBK
999 _c8351
_d8351